Japanese culture : A study of origins and characteristics
The book thus makes a unique contribution to an understanding of comparative culture, developing further the theories of the philosopher Testsuro Watsuji, as presented in his influential Fudo , and serves also as an introduction to the various studies in the social sciences pursued in postwar Japan.
Salvato in:
| Autore principale: | |
|---|---|
| Natura: | Libro |
| Lingua: | Undetermined |
| Pubblicazione: |
Honolulu
University Press of Hawaii
1974
|
| Tags: |
Aggiungi Tag
Nessun Tag, puoi essere il primo ad aggiungerne! !
|
| Thư viện lưu trữ: | Trung tâm Học liệu Trường Đại học Cần Thơ |
|---|
| LEADER | 00812nam a2200193Ia 4500 | ||
|---|---|---|---|
| 001 | CTU_221732 | ||
| 008 | 210402s9999 xx 000 0 und d | ||
| 082 | |a 952 | ||
| 082 | |b S555 | ||
| 100 | |a Shida, Eiichiro | ||
| 245 | 0 | |a Japanese culture : | |
| 245 | 2 | |b A study of origins and characteristics | |
| 245 | 0 | |c Eiichiro Shida | |
| 260 | |a Honolulu | ||
| 260 | |b University Press of Hawaii | ||
| 260 | |c 1974 | ||
| 520 | |a The book thus makes a unique contribution to an understanding of comparative culture, developing further the theories of the philosopher Testsuro Watsuji, as presented in his influential Fudo , and serves also as an introduction to the various studies in the social sciences pursued in postwar Japan. | ||
| 904 | |i my, Trúc | ||
| 980 | |a Trung tâm Học liệu Trường Đại học Cần Thơ | ||